| 000 | 00962nam a2200229Ia 4500 | ||
|---|---|---|---|
| 001 | 23621 | ||
| 003 | GE_BSU | ||
| 008 | 181216s||||||||xx |||||||||||||| ||und|| | ||
| 040 | _cGE_BSU | ||
| 080 | _a94(470.6) | ||
| 100 | _aანჩაბაძე, ზ., ბოცვაძე, თ., თოგოშვილი, გ., ცინცაძე, მ. | ||
| 245 | _aჩრდილო კავკასიის ხალხთა ისტორიის ნარკვევები. ნ.1 | ||
| 245 | _cრედ. ზ. ანჩაბაძე., მხატვ. გ. ნადირაზე | ||
| 260 | _aთბილისი | ||
| 260 | _bმეცნიერება | ||
| 260 | _c1969 | ||
| 300 | _a260გვ. ; 20სმ. | ||
| 541 | _h8ლ. 45თ. | ||
| 653 | _aისტორია | ||
| 653 | _aჩრდილო კავკასიის ხალხთა ისტორიის ნარკვევები. ნ. 1 | ||
| 942 | _cBK | ||
| 999 |
_c56507 _d56507 |
||